Think You're a Minnesotan? - Statistics

General Stats
  • This quiz has been taken 438 times
  • The average score is 9 of 15
Answer Stats
Question Answer % Correct
What are Minneapolis and St. Paul known as? Twin Cities
99%
Which of the following businesses did not start in Minnesota: Best Buy, Target, 3M, Walmart, General Mills? Walmart
90%
What fruit lies on a spoon at the Walker? Cherry
83%
What are the last two digits of the four highways that circle Minneapolis? 94
72%
What childhood game is misnamed in every state but Minnesota? Duck duck grey duck
69%
What is the name of the famous cookies sold at the state fair? Sweet Martha's
64%
What Scandinavian fish dish is cured in lye? Lutefisk
63%
In which lake does the Mississippi River start? Lake Itasca
62%
Paul Bunyan and Babe can be found originally in what city? Bemidji
58%
What is the actual name of the University of Minnesota sports teams? The Golden Gophers
57%
The North Stars were bought and moved to what city? Dallas
56%
What famous Minnesota Twin has a statue in front of Target Field with his fist in the air? Kirby Puckett
46%
What was the old name for the amusement park inside Mall of America Camp Snoopy
44%
What bridge tragically collasped? 35W
42%
In what years did the Twins win the World Series? 1987, 1991
33%
No matching quizzes found
Score Distribution
Percent of People with Each Score
Percentile by Number Answered
Your Score History
You have not taken this quiz